000 00964namaa2200289 i 4500
003 EG-GICUC
005 20260111103525.0
008 260111s2001 le ||||jr|||| 000 0 ara d
040 _aEG-GiCUC
_bara
_cEG-GiCUC
_dEG-GiCUC
_erda
082 0 4 _221
_a200.1
_bQ98h
092 0 4 _221
_a200.1
_bQ98h
099 _a200.1 Q98h 2001
100 1 _aالقصيمى، عبدالله،
_eمؤلف.
245 1 0 _aهذا الكون ما ضميره /
_cعبدالله القصيمى
250 _aالطبعة الثانية
264 _aبيروت (لبنان) :
_bمؤسسة الانتشار العربى،
_c2001
300 _a340 صفحة ؛
_c24 سم
336 _2rdacontent
_atext
337 _2rdamedia
_aUnmediated
338 _2rdacarrier
_avolume
504 _a.
541 _aد. / جابر عصفور ؛
_bالقاهرة ؛
_cإهداء ؛
_d2024.
650 1 7 _aالدين
_xفلسفة
_2qrmak
651 1 _2qrmak
905 _aAmira
942 _2ddc
_cBK
_e21
_n0
999 _c177569
_d177569